<?xml version="1.0" encoding="UTF-8"?>
<record
    xmlns:xsi="http://www.w3.org/2001/XMLSchema-instance"
    xsi:schemaLocation="http://www.loc.gov/MARC21/slim http://www.loc.gov/standards/marcxml/schema/MARC21slim.xsd"
    xmlns="http://www.loc.gov/MARC21/slim">

  <leader>00717nam a22001817a 4500</leader>
  <controlfield tag="003">LK-CoDNM</controlfield>
  <controlfield tag="005">20250306103444.0</controlfield>
  <controlfield tag="008">250306b        |||||||| |||| 00| 0 eng d</controlfield>
  <datafield tag="040" ind1=" " ind2=" ">
    <subfield code="a">LK-CoDNM</subfield>
    <subfield code="d">LK-CoDNM</subfield>
    <subfield code="e">LK-CoDNM</subfield>
  </datafield>
  <datafield tag="041" ind1=" " ind2=" ">
    <subfield code="a">sin</subfield>
  </datafield>
  <datafield tag="080" ind1=" " ind2=" ">
    <subfield code="a">RC</subfield>
    <subfield code="b">684</subfield>
  </datafield>
  <datafield tag="100" ind1=" " ind2=" ">
    <subfield code="a">&#xDB0;&#xDBB;&#xDB8;&#xDC3;&#xDD2;&#xDBB;&#xDD2;,&#xD9C;&#xDD4;&#xDAB;&#xDB4;&#xDCF;&#xDBD; &#xDC3;&#xDC4; &#xD9C;&#xDD4;&#xDAB;&#xDAD;&#xDD2;&#xDBD;&#xD9A;,&#xDA9;&#xDB6;&#xDCA;&#xDBD;&#xDD2;&#xDC0;&#xDCA;.&#xD87;&#xDB8;&#xDCA;</subfield>
  </datafield>
  <datafield tag="245" ind1=" " ind2=" ">
    <subfield code="a">&#xDB8;&#xDBB;&#xDAB;&#xDBA; &#xDB4;&#xDD2;&#xDC5;&#xDD2;&#xDB6;&#xDAF; &#xDC0;&#xDD2;&#xDAF;&#xDCA;&#x200D;&#xDBA;&#xDCF;&#xDC0; &#xDC4;&#xDD9;&#xDC0;&#xDAD;&#xDCA; &#xDAD;&#xDD2;&#xDB6;&#xDCA;&#xDB6;&#xDAD; &#xDB8;&#xDC5;&#xDB4;&#xDDC;&#xDAD;</subfield>
  </datafield>
  <datafield tag="260" ind1=" " ind2=" ">
    <subfield code="a">78/1,&#xDC1;&#xDCA;&#x200D;&#xDBB;&#xDB8;&#xDAF;&#xDCF;&#xDB1; &#xDB8;&#xDCF;&#xDC0;&#xDAD;&#x200D;,&#xDB4;&#xDCF;&#xD9C;&#xDDC;&#xDA9; &#xDB4;&#xDCF;&#xDBB;, &#xDB1;&#xDD4;&#xD9C;&#xDDA;&#xD9C;&#xDDC;&#xDA9;</subfield>
    <subfield code="b">&#xDC3;&#xDD4;&#xDBB;&#xDC0;&#xDD2; &#xDB4;&#xDCA;&#x200D;&#xDBB;&#xD9A;&#xDCF;&#xDC1;&#xDB1;</subfield>
  </datafield>
  <datafield tag="300" ind1=" " ind2=" ">
    <subfield code="a">224p ; 21 cm</subfield>
  </datafield>
  <datafield tag="650" ind1=" " ind2=" ">
    <subfield code="a">Tibetan </subfield>
  </datafield>
  <datafield tag="942" ind1=" " ind2=" ">
    <subfield code="c">BK</subfield>
  </datafield>
  <datafield tag="952" ind1=" " ind2=" ">
    <subfield code="0">0</subfield>
    <subfield code="1">0</subfield>
    <subfield code="4">1</subfield>
    <subfield code="7">0</subfield>
    <subfield code="8">RBC</subfield>
    <subfield code="a">MAIN</subfield>
    <subfield code="b">MAIN</subfield>
    <subfield code="c">REF</subfield>
    <subfield code="d">2025-03-06</subfield>
    <subfield code="l">0</subfield>
    <subfield code="o">RC 684</subfield>
    <subfield code="p">RC0634</subfield>
    <subfield code="r">2025-03-06</subfield>
    <subfield code="w">2025-03-06</subfield>
    <subfield code="y">BK</subfield>
  </datafield>
  <datafield tag="999" ind1=" " ind2=" ">
    <subfield code="c">238717</subfield>
    <subfield code="d">238717</subfield>
  </datafield>
</record>
